00382 a2200109 4500001001000000005001700010008004100027245011300068100002100181773005300202999001700255ART_4527220260410161743.0260409a 10aAnálisis de las sentencias de la CNTrab. sobre el control constitucional del procedimiento de la ley 273481 aFormaro, Juan J.0 tDoctrina laboralg- Nº 389 (ene. 2018)wREV4049 c18948d18948